Islands of Fiji Quiz Stats

 Plays Quiz Updated Apr 13, 2019

Score 0/17 Timer 04:00
2 Plays Today
% Correct
Viti Levu
83.8%
Vanua Levu
81.6%
Lau Group
73.2%
Kadavu
61.9%
Koro
58.6%
Taveuni
57.4%
Ovalau
54.6%
Gau
54.5%
Totoya
50.2%
% Correct
Matuku
49.9%
Moala
49.4%
Yasawa
47.2%
Beqa
46.9%
Naviti
45.8%
Rabi
45.7%
Vatulele
45.7%
Nairai
38.4%

You're not logged in!

Compare scores with friends on all Sporcle quizzes.
OR
Log In

Show Comments

Extras

Top Quizzes Today


Score Distribution

Your Account Isn't Verified!

In order to create a playlist on Sporcle, you need to verify the email address you used during registration. Go to your Sporcle Settings to finish the process.

Report this User

Report this user for behavior that violates our Community Guidelines.

Details: